Journal of real estate literature

Detalles Bibliográficos
Autor Corporativo: American Real Estate Society
Formato: Desconocido
Lenguaje:inglés
Publicado: Estados Unidos : American Real Estate Society
Materias:
Acceso en línea:Acceso restringido

MARC

LEADER 00000ny a22000003n 4500
003 OCoLC
005 20110512122313.0
006 m d
007 cr mnu
008 020314s us 000 eng d
022 |a 0927-7544 
035 |a 3719 
040 |a F#A  |c F#A  |d vLex 
090 |c 1776  |d 1776 
245 0 0 |a Journal of real estate literature  |h [Recurso electrn̤ico] 
256 |a Servicio en ln̕ea 
260 |a Estados Unidos :  |b American Real Estate Society 
310 |a Semestral  
506 1 |a Contenido solo disponible en los productos indicados  |d vLex Global  |d vLex Global (Academic Edition, excluding Law Schools)  |d vLex Global (U.S. Academic Edition, excluding Law Schools) 
550 |a Editada por la American Real Estate Society. 
650 0 4 |a Operaciones inmobiliarias  |x Publicaciones perid̤icas 
650 0 4 |a Real Estate  
710 2 |a American Real Estate Society 
740 0 |a vLex Revista (Servicios en ln̕ea) 
843 |a Electrn̤ica. Abierta 
853 |8 1  |i (year)  |j (month)  |k (day) 
856 4 0 |u http://vlex.com/source/3719  |z Acceso restringido 
942 |c REV